Vlakotvorba 1 /
Uložené v:
| Hlavný autor: | |
|---|---|
| Médium: | Kniha |
| Jazyk: | Slovak |
| Vydané: |
Bratislava :
Alfa,
1980.
|
| Vydanie: | 1. vyd. |
| Edícia: | Dočasná vysokoškolská učebnice
|
| ISBN: |
(brož.) |
| Fyzický popis: |
226 s. 28 príl. |
| Tagy: |
Pridať tag
Žiadne tagy, Buďte prvý kto otaguje tento záznam!
|
Titul je dostupný aj v ... 

MARC
| LEADER | 00000nam a2200000 a 4500 | ||
|---|---|---|---|
| 001 | 000171844 | ||
| 005 | 20100726133941.0 | ||
| 008 | 040101s1980 xo slo d | ||
| 020 | |a (brož.) |c čs 18,00 | ||
| 040 | |a SVKKK |b slo |c SVKKK |e AACR2 | ||
| 041 | 0 | |a slo | |
| 044 | |a xo |c SK | ||
| 100 | 1 | |a Flodr, František |4 aut | |
| 245 | 1 | 0 | |a Vlakotvorba |n 1 / |c František Flodr. |
| 250 | |a 1. vyd. | ||
| 260 | |a Bratislava : |b Alfa, |c 1980. | ||
| 300 | |a 226 s. |e 28 príl. | ||
| 490 | 1 | |a Dočasná vysokoškolská učebnice | |
| 830 | 0 | |a Dočasná vysokoškolská učebnice | |
| 910 | |a svkkk | ||
| 998 | |a BK | ||
| 090 | |g SCKHL |k Sklad Pribinova 3. posch. |a V.123854 |j 628727 |i 2721186268 |s Absenčne | ||